Devinette qui suis-je sur les animaux de la ferme - Statistiques

Statistiques générales
  • Ce quiz a été pris 393 fois
  • Le résultat moyen est 6 sur 6
Statistiques - réponses
Devinettes Réponses % Correct
1/J’ai 4 estomacs, 2/Je suis rousse, blanche et noir ou encore à longs poils selon les régions, 3/Grâce à moi, on fait du gruyère ou du camembert, La vache
98%
1/Je peux être de ferme ou de bruyère, 2/Je suis le symbole de La France, 3/Je réveille la ferme dès l’aube, Le coq
98%
1/On dit que je suis bête et têtu,
2/Je suis l’ami d’un ogre vert,
3/J’ai deux longues oreilles,
L'âne
96%
1/En Egypte antique, j’étais un animal sacré, 2/On dit que j’ai 7 vies, 3/Dans un conte, j’ai même des bottes, Le chat
95%
1/J’aime faire du manège, 2/J’ai une crinière mais je ne suis pas un lion, 3/Je peux être sauvage, de course ou de trait, Le cheval
95%
1/Mon lointain ancêtre est un dinosaure,
2/Je suis un oiseau mais je ne sais presque pas voler,
3/On dit que je caquète,
La poule
88%
Aucun quiz correspondant
Distribution des résultats
% des personnes avec chaque résultat
Percentile par nombre de réponses
Votre historique - résultats
Vous n’avez pas pris ce quiz